000 00424pab a2200157 454500
008 180718b2004 xxu||||| |||| 00| 0 eng d
100 _aChaganti, Sruti
245 _aCreation of a third world in the first: economics of labour migration
260 _c2004
300 _ap.2220-226.
362 _a29 May
650 _aMigration
650 _aLabour migration
773 _aEconomic and Political Weekly
909 _a60934
999 _c60934
_d60934